International trade in forest products / (Record no. 11002)

MARC details
000 -LEADER
fixed length control field 00951nam a2200277 4500
001 - CONTROL NUMBER
control field 2462224
005 - DATE AND TIME OF LATEST TRANSACTION
control field 20150629163048.0
007 - PHYSICAL DESCRIPTION FIXED FIELD--GENERAL INFORMATION
fixed length control field 000
008 - FIXED-LENGTH DATA ELEMENTS--GENERAL INFORMATION
fixed length control field 000
010 ## - LIBRARY OF CONGRESS CONTROL NUMBER
LC control number 89189111
020 ## - INTERNATIONAL STANDARD BOOK NUMBER
International Standard Book Number 0907360122
040 ## - CATALOGING SOURCE
Original cataloging agency UOEL
Transcribing agency DLC
Modifying agency DLC
050 00 - LIBRARY OF CONGRESS CALL NUMBER
Classification number HD9750.5
Item number .I5 1988
245 00 - TITLE STATEMENT
Title International trade in forest products /
Statement of responsibility, etc edited by András Nagy.
260 ## - PUBLICATION, DISTRIBUTION, ETC. (IMPRINT)
Place of publication, distribution, etc Bicester, Oxon :
Name of publisher, distributor, etc A.B. Academic,
Date of publication, distribution, etc c1988.
300 ## - PHYSICAL DESCRIPTION
Extent viii, 264 p. :
Other physical details ill. ;
Dimensions 26 cm.
500 ## - GENERAL NOTE
General note "International Institute for Applied Systems Analysis".
504 ## - BIBLIOGRAPHY, ETC. NOTE
Bibliography, etc Includes bibliographical references and index.
650 #0 - SUBJECT ADDED ENTRY--TOPICAL TERM
Topical term or geographic name as entry element Forest products industry.
Topical term or geographic name as entry element International trade.
700 1# - ADDED ENTRY--PERSONAL NAME
Personal name Szöllösi-Nagy, András.
710 2# - ADDED ENTRY--CORPORATE NAME
Corporate name or jurisdiction name as entry element International Institute for Applied Systems Analysis.
906 ## - LOCAL DATA ELEMENT F, LDF (RLIN)
a 7
b cbc
c orignew
d 3
e ncip
f 19
g y-gencatlg
942 ## - ADDED ENTRY ELEMENTS (KOHA)
Source of classification or shelving scheme Library of Congress Classification
Item type Loan - Normal on open shelf
Holdings
Withdrawn status Lost status Source of classification or shelving scheme Damaged status Not for loan Home library Current library Shelving location Date acquired Total Checkouts Full call number Barcode Date last seen Copy number Price effective from Koha item type
    Library of Congress Classification     UOE Main Library UOE Main Library Open shelf 29/06/2015   HD9750.5 .I5 1988 10069373 27/04/2026 10069373 29/06/2015 Loan - Normal on open shelf